000 00532nam a22001937a 4500
999 _c7588
_d7588
003 OSt
005 20220111124506.0
008 220111b ||||| |||| 00| 0 eng d
020 _a9780521677585
040 _cDDC
082 _a371.422 COG 2010
100 _aPlass, Jan L: Moreno, Roxana: Roland, Brunken
_915516
245 _aCognitive Load Theory.
260 _aNew York:
_bCambridge University;
_c2010,
300 _a275p.;
_c24cm.
504 _aIncludes Index.
650 _aEducational Psychology.
_95140
942 _2ddc
_cBOOK